| 000 | 00904nam a2200277 a 4500 | ||
|---|---|---|---|
| 001 | 69938 | ||
| 003 | BD-RjUL | ||
| 005 | 20211209081940.0 | ||
| 008 | 170415s1995 nyu b 001 0 eng d | ||
| 020 | _a0387945253 (alk. paper) | ||
| 020 | _a0387945261 (pbk. : alk. paper) | ||
| 035 | _a(BD-RjUL)70150 | ||
| 040 |
_aDLC _cDLC _dDLC _dBD-RjUL _beng |
||
| 041 | _aeng | ||
| 082 | 0 | 0 |
_223 _a512.2 _bALG 1995 |
| 100 | 1 |
_aAlperin, J. L. _9207144 |
|
| 245 | 1 | 0 |
_aGroups and representations / _cJ.L. Alperin with Rowen B. Bell. |
| 260 |
_aNew York : _bSpringer, _cc1995. |
||
| 300 |
_ax, 194 p. ; _c25 cm. |
||
| 504 | _aIncludes bibliographical references (p.185-186) and index. | ||
| 650 | 0 |
_aRepresentations of groups. _9152612 |
|
| 700 | 1 |
_aBell, Rowen B. _9207146 |
|
| 830 |
_aGraduate texts in mathematics ; _v162 _9207147 |
||
| 942 |
_2ddc _cBK |
||
| 999 |
_c69938 _d69938 |
||